A GIS-based characterisation of livestock and feed resources in the humid and sub-humid zones in five countries in South-East Asia
Zapisane w:
| 1. autor: | |
|---|---|
| Format: | Książka |
| Język: | Undetermined |
| Wydane: |
Nairobi, Kenya
ILRI
2003
|
| Hasła przedmiotowe: | |
| Etykiety: |
Dodaj etykietę
Nie ma etykietki, Dołącz pierwszą etykiete!
|
| Thư viện lưu trữ: | Trung tâm Học liệu Trường Đại học Cần Thơ |
|---|
| LEADER | 00607nam a2200193Ia 4500 | ||
|---|---|---|---|
| 001 | CTU_59752 | ||
| 008 | 210402s9999 xx 000 0 und d | ||
| 082 | |a 577.55 | ||
| 082 | |b L299 | ||
| 100 | |a M. L. A. Lapar | ||
| 245 | 2 | |a A GIS-based characterisation of livestock and feed resources in the humid and sub-humid zones in five countries in South-East Asia | |
| 245 | 0 | |c M. L. A. Lapar and M. A. Jabbar | |
| 260 | |a Nairobi, Kenya | ||
| 260 | |b ILRI | ||
| 260 | |c 2003 | ||
| 650 | |a agricultural ecology | ||
| 650 | |z kenya | ||
| 904 | |i Minh | ||
| 980 | |a Trung tâm Học liệu Trường Đại học Cần Thơ | ||